01526cam a2200301 a 450000100100000000500170001000800410002702000150006804000230008308200160010610000260012224500980014826000420024630000340028844000540032265000550037665000360043165000300046770000240049770000270052191000340054895201180058295201180070095201270081895201320094595201320107799900150120900000113220200929145502.0980826s2000 sp a b 001 0 spa  a8478290362 aDO-SdBNPcDLCdDLC a005.1bJ17p1 aJacobson, Ivar.9386913aEl proceso unificado de desarrollo de software /cIvar Jacobson, Grady Booch, James Rumbaugh. aMadrid :bPearson Educación,c2000. axxiv, 438 p. :bil. ;c25 cm. 4aThe Addison-Wesley object technology series93870 4aProgramación (computadores electrónicos)93871 4aProgramas para computador93872 4aUml (computación)938731 aBooch, Grady.938741 aRumbaugh, James.93875 aCatalogación por copia / LC 0010758DSaBNPHUbBNPHUcOId2011-02-28iLF1l0o005.1 J17pp1132-40r2020-06-25w2020-06-25yLF1ZNo se presta 0010758DSaBNPHUbBNPHUcOId2011-02-28iLF1l0o005.1 J17pp1132-50r2020-06-25w2020-06-25yLF1ZNo se presta 001052758DSaBNPHUbBNPHUcHDd2009-06-25iLF1l0o005.1 J17pp1132-10r2020-06-25w2020-06-25yLF1ZPréstamo interno 001053758DSaBNPHUbBNPHUcHDd2009-06-25iLF1l0o005.1 J17pp1132-20r2020-06-25te.2w2020-06-25yLF1ZPréstamo interno 001052758DSaBNPHUbBNPHUcHDd2009-06-25iLF1l0o005.1 J17pp1132-30r2020-06-25te.3w2020-06-25yLF1ZPréstamo interno c1086d1086